000 00973cab a2200265 4500
001 WB2930-67
008 090401t1993 xxu||||| |||| 00| 0 eng d
035 _a(Sirsi) u91635
041 _aeng
245 _aGreen light for community forests
260 _c1993
350 _a0
490 _aDoE News Release
_v(543) 10 August 1993
490 _aBirmingham Post
_v11 August 1993, 5
490 _aFinancial Times
_v11 August 1993, 6(3)
520 _aThe first three `community forests` have been given the go-ahead by Government. They will be Thames Chase, in South Ockenden; the Forest of Mercia in South Staffs and the Great North Forest in Tyne and Wear. The concept of community forests aims to increase access to leisure facilities for town dwellers.
650 _aACCESS TO THE COUNTRYSIDE
650 _aCOMMUNITY FORESTS
650 _aFORESTS
650 _aLEISURE
690 _aLAND
690 _aRURAL PRACTICE
942 _n0
948 _c04/03/1997
999 _c58186
_d58186